[Event "imp"]
[Site "?"]
[Date "2015.04.01"]
[Round "9.7"]
[White "Matuszewski, Michal"]
[Black "Sadzikowski, Daniel"]
[Result "1/2-1/2"]
[LiveChessVersion "1.4.4"]
[BlackElo "2500"]
[WhiteElo "2463"]

1. Nf3 {[%clk 1:30:52]} c5 {[%clk 1:30:47]} 2. g3 {[%clk 1:31:11]} g6
{[%clk 1:30:37]} 3. Bg2 {[%clk 1:31:08]} Bg7 {[%clk 1:31:04]} 4. O-O
{[%clk 1:28:10]} Nc6 {[%clk 1:29:37]} 5. d3 {[%clk 1:25:35]} e5 {[%clk 1:28:53]}
6. e4 {[%clk 1:25:28]} Nge7 {[%clk 1:29:10]} 7. c3 {[%clk 1:25:08]} O-O
{[%clk 1:29:11]} 8. Nbd2 {[%clk 1:24:10]} h6 {[%clk 1:26:17]} 9. a3
{[%clk 1:16:44]} d5 {[%clk 1:21:55]} 10. b4 {[%clk 1:09:11]} d4 {[%clk 1:10:07]}
11. cxd4 {[%clk 1:05:04]} cxd4 {[%clk 1:10:09]} 12. b5 {[%clk 1:04:52]} Na5
{[%clk 1:10:19]} 13. a4 {[%clk 1:05:14]} Be6 {[%clk 1:03:52]} 14. Ba3
{[%clk 1:03:00]} g5 {[%clk 0:54:50]} 15. Bb4 {[%clk 0:57:59]} Re8
{[%clk 0:52:23]} 16. Rc1 {[%clk 0:50:51]} Ng6 {[%clk 0:38:19]} 17. h4
{[%clk 0:45:15]} gxh4 {[%clk 0:34:32]} 18. Nxh4 {[%clk 0:45:39]} Nxh4
{[%clk 0:34:04]} 19. gxh4 {[%clk 0:46:06]} b6 {[%clk 0:33:39]} 20. Qh5
{[%clk 0:43:06]} Qd7 {[%clk 0:32:30]} 21. Bf3 {[%clk 0:41:39]} Rac8
{[%clk 0:31:46]} 22. Kh2 {[%clk 0:36:34]} Kh7 {[%clk 0:28:25]} 23. Rxc8
{[%clk 0:24:26]} Rxc8 {[%clk 0:28:09]} 24. Bd1 {[%clk 0:24:42]} Nb7
{[%clk 0:19:06]} 25. Rg1 {[%clk 0:24:35]} Nc5 {[%clk 0:11:17]} 26. Rg3
{[%clk 0:24:22]} Kh8 {[%clk 0:06:08]} 27. Nf1 {[%clk 0:20:34]} f5
{[%clk 0:04:43]} 28. Bxc5 {[%clk 0:17:58]} Rxc5 {[%clk 0:03:36]} 29. Nd2
{[%clk 0:17:27]} f4 {[%clk 0:03:26]} 30. Rg6 {[%clk 0:08:43]} Bf7
{[%clk 0:03:18]} 31. Rxh6+ {[%clk 0:09:00]} Bxh6 {[%clk 0:03:24]} 32. Qxh6+
{[%clk 0:09:27]} Kg8 {[%clk 0:03:50]} 33. Nf3 {[%clk 0:08:22]} Qe6
{[%clk 0:03:39]} 34. Qg5+ {[%clk 0:08:37]} Qg6 {[%clk 0:03:24]} 35. Qd8+
{[%clk 0:07:01]} Kg7 {[%clk 0:03:33]} 36. Ng5 {[%clk 0:07:16]} f3
{[%clk 0:02:19]} 37. Qd7 {[%clk 0:04:30]} Rc3 {[%clk 0:01:46]} 38. Bxf3
{[%clk 0:00:51]} Qf6 {[%clk 0:00:41]} 39. Kg2 Rc2 40. Qxa7 Rb2 41. a5
{[%clk 0:26:49]} bxa5 {[%clk 0:11:58]} 42. b6 {[%clk 0:26:50]} Rxb6
{[%clk 0:12:19]} 43. Nxf7 {[%clk 0:27:10]} Ra6 {[%clk 0:12:42]} 44. Qb7
{[%clk 0:27:30]} Rb6 {[%clk 0:12:31]} 45. Qc7 {[%clk 0:27:52]} Rc6
{[%clk 0:11:04]} 46. Qd7 {[%clk 0:28:14]} Qe6 {[%clk 0:11:32]} 47. Nxe5+
{[%clk 0:28:21]} Qxd7 {[%clk 0:11:45]} 48. Nxd7 {[%clk 0:28:46]} a4
{[%clk 0:12:06]} 49. e5 {[%clk 0:27:40]} a3 {[%clk 0:08:05]} 50. Bd5
{[%clk 0:26:42]} Rc2 {[%clk 0:08:28]} 51. e6 {[%clk 0:24:51]} Re2
{[%clk 0:08:53]} 52. Kf3 {[%clk 0:19:50]} a2 {[%clk 0:09:17]} 53. Bxa2
{[%clk 0:20:16]} Rxa2 {[%clk 0:09:41]} 54. Ke4 {[%clk 0:20:33]} Rxf2
{[%clk 0:07:47]} 55. Kxd4 {[%clk 0:20:56]} Rf5 {[%clk 0:08:08]} 56. Ke4
{[%clk 0:20:00]} Rh5 {[%clk 0:08:23]} 57. d4 {[%clk 0:20:06]} Kg6
{[%clk 0:05:35]} 58. d5 {[%clk 0:19:46]} Rxh4+ {[%clk 0:06:03]} 59. Ke5
{[%clk 0:20:10]} Kg7 {[%clk 0:02:09]} 60. Kd6 {[%clk 0:20:11]} Ra4
{[%clk 0:02:29]} 61. Ke7 {[%clk 0:18:51]} Ra6 {[%clk 0:02:22]} 62. d6
{[%clk 0:18:07]} Ra7 {[%clk 0:02:51]} 63. Kd8 {[%clk 0:18:27]} Ra8+
{[%clk 0:02:34]} 64. Kc7 {[%clk 0:18:38]} Ra7+ {[%clk 0:02:11]} 65. Kb6
{[%clk 0:17:22]} Ra8 {[%clk 0:02:10]} 66. Kb7 {[%clk 0:17:08]} Re8
{[%clk 0:02:20]} 67. Nc5 {[%clk 0:15:32]} Kf6 {[%clk 0:02:18]} 68. Kc6
{[%clk 0:11:40]} Ra8 {[%clk 0:01:27]} 69. Kd5 {[%clk 0:09:09]} Ra5
{[%clk 0:01:57]} 70. Kc6 {[%clk 0:08:46]} Ra8 {[%clk 0:02:26]} 71. Kc7
{[%clk 0:08:43]} Ra7+ {[%clk 0:01:37]} 72. Kb6 {[%clk 0:09:05]} Ra2
{[%clk 0:00:41]} 73. Kb7 {[%clk 0:06:57]} Ra1 {[%clk 0:01:10]} 74. Kb6
{[%clk 0:03:30]} Ra2 {[%clk 0:01:38]} 75. Kc6 {[%clk 0:02:28]} Ra8 1/2-1/2

[Event "imp"]
[Site "?"]
[Date "2015.04.01"]
[Round "9.8"]
[White "Brodowski, Piotr"]
[Black "Maksimenko, Andrei"]
[Result "1-0"]
[LiveChessVersion "1.4.4"]
[BlackElo "2495"]
[WhiteElo "2435"]

1. c4 {[%clk 1:30:55]} c5 {[%clk 1:30:51]} 2. g3 {[%clk 1:31:22]} Nc6
{[%clk 1:31:08]} 3. Bg2 {[%clk 1:31:50]} g6 {[%clk 1:31:25]} 4. Nc3
{[%clk 1:32:16]} Bg7 {[%clk 1:31:49]} 5. Nf3 {[%clk 1:32:07]} e6 {[%clk 1:32:09]}
6. d3 {[%clk 1:30:20]} Nge7 {[%clk 1:32:33]} 7. h4 {[%clk 1:30:06]} h6
{[%clk 1:31:16]} 8. Bd2 {[%clk 1:28:34]} d5 {[%clk 1:31:14]} 9. O-O
{[%clk 1:05:21]} O-O {[%clk 1:30:06]} 10. a3 {[%clk 1:04:44]} b6 {[%clk 1:13:50]}
11. Rb1 {[%clk 0:47:14]} Bb7 {[%clk 1:07:31]} 12. Qc1 {[%clk 0:44:39]} Kh7
{[%clk 1:00:00]} 13. cxd5 {[%clk 0:44:00]} exd5 {[%clk 0:58:53]} 14. b4
{[%clk 0:43:40]} cxb4 {[%clk 0:56:07]} 15. axb4 {[%clk 0:44:04]} d4
{[%clk 0:55:27]} 16. Na4 {[%clk 0:41:28]} Qd7 {[%clk 0:44:04]} 17. b5
{[%clk 0:38:41]} Nd8 {[%clk 0:43:54]} 18. Nb2 {[%clk 0:33:17]} Qxb5
{[%clk 0:29:10]} 19. Nc4 {[%clk 0:33:45]} Qd7 {[%clk 0:29:23]} 20. Qa3
{[%clk 0:33:22]} Ndc6 {[%clk 0:25:00]} 21. Nd6 {[%clk 0:31:51]} Rad8
{[%clk 0:24:20]} 22. Nxb7 {[%clk 0:32:12]} Qxb7 {[%clk 0:24:48]} 23. Rfc1
{[%clk 0:31:30]} Qd7 {[%clk 0:23:39]} 24. h5 {[%clk 0:29:46]} g5 {[%clk 0:22:01]}
25. Rc4 {[%clk 0:29:43]} Rc8 {[%clk 0:16:42]} 26. Rbc1 {[%clk 0:28:15]} g4
{[%clk 0:11:16]} 27. Nh4 {[%clk 0:28:23]} Ne5 {[%clk 0:04:53]} 28. Rxc8
{[%clk 0:24:23]} Rxc8 {[%clk 0:05:12]} 29. Rxc8 {[%clk 0:23:46]} Nxc8
{[%clk 0:05:40]} 30. Be4+ {[%clk 0:22:43]} Kg8 {[%clk 0:06:05]} 31. Nf5
{[%clk 0:23:07]} Bf8 {[%clk 0:05:39]} 32. Qa1 {[%clk 0:23:32]} Nd6
{[%clk 0:05:24]} 33. Qxd4 {[%clk 0:20:38]} Nxf5 {[%clk 0:04:25]} 34. Qxe5
{[%clk 0:21:00]} Nd4 {[%clk 0:03:27]} 35. Kf1 {[%clk 0:18:05]} Qd6
{[%clk 0:03:12]} 36. Qe8 {[%clk 0:17:29]} a5 {[%clk 0:02:55]} 37. Bf4
{[%clk 0:15:40]} Qf6 {[%clk 0:03:00]} 38. Qb8 {[%clk 0:07:58]} a4
{[%clk 0:01:44]} 39. Be5 {[%clk 0:06:34]} Nc6 {[%clk 0:02:04]} 40. Qxf8+
{[%clk 0:36:57]} Kxf8 {[%clk 0:32:21]} 41. Bxf6 {[%clk 0:37:24]} 1-0

[Event "imp"]
[Site "?"]
[Date "2015.04.01"]
[Round "9.9"]
[White "Grabarczyk, Miroslaw"]
[Black "Kolosowski, Mateusz"]
[Result "1/2-1/2"]
[LiveChessVersion "1.4.4"]
[BlackElo "2443"]
[WhiteElo "2433"]

1. d4 {[%clk 1:30:57]} Nf6 {[%clk 1:30:55]} 2. c4 {[%clk 1:31:18]} g6
{[%clk 1:31:21]} 3. Nf3 {[%clk 1:31:39]} Bg7 {[%clk 1:31:48]} 4. g3
{[%clk 1:31:59]} d5 {[%clk 1:31:28]} 5. cxd5 {[%clk 1:31:29]} Nxd5
{[%clk 1:31:54]} 6. Bg2 {[%clk 1:31:48]} Nb6 {[%clk 1:32:18]} 7. O-O
{[%clk 1:31:40]} Nc6 {[%clk 1:32:31]} 8. Nc3 {[%clk 1:31:57]} Nxd4
{[%clk 1:31:47]} 9. Nxd4 {[%clk 1:32:17]} Qxd4 {[%clk 1:32:13]} 10. Nb5
{[%clk 1:31:30]} Qc5 {[%clk 1:32:37]} 11. a4 {[%clk 1:30:03]} Nxa4
{[%clk 1:32:49]} 12. Qxa4 {[%clk 1:12:02]} Bd7 {[%clk 1:33:11]} 13. Bxb7
{[%clk 1:10:42]} Bxb5 {[%clk 1:29:55]} 14. Qa5 {[%clk 1:07:36]} Rb8
{[%clk 1:13:35]} 15. Be3 {[%clk 1:04:18]} Qf5 {[%clk 1:12:38]} 16. Bf3
{[%clk 0:46:56]} a6 {[%clk 1:01:54]} 17. Qxc7 {[%clk 0:43:26]} Rc8
{[%clk 0:43:41]} 18. Qb7 {[%clk 0:43:20]} O-O {[%clk 0:37:52]} 19. Qxe7
{[%clk 0:40:17]} Bxb2 {[%clk 0:37:57]} 20. Rad1 {[%clk 0:40:02]} Rfe8
{[%clk 0:37:48]} 21. Qa7 {[%clk 0:26:32]} Rc2 {[%clk 0:34:21]} 22. Bd4
{[%clk 0:21:29]} Bxe2 {[%clk 0:25:38]} 23. Bxe2 {[%clk 0:19:18]} Rcxe2
{[%clk 0:24:55]} 24. Bxb2 {[%clk 0:18:54]} Rxb2 {[%clk 0:25:19]} 25. Qxa6
{[%clk 0:19:07]} h5 {[%clk 0:23:33]} 26. Qd3 {[%clk 0:17:54]} Qf6
{[%clk 0:21:11]} 27. Qd4 {[%clk 0:17:38]} Qxd4 {[%clk 0:21:25]} 28. Rxd4
{[%clk 0:18:00]} Ree2 {[%clk 0:21:33]} 29. h4 {[%clk 0:18:06]} Kg7
{[%clk 0:21:42]} 30. Kg2 {[%clk 0:18:19]} Re6 {[%clk 0:21:40]} 31. Rfd1
{[%clk 0:18:01]} Rf6 {[%clk 0:21:50]} 32. R1d2 {[%clk 0:18:15]} Rb3
{[%clk 0:22:08]} 33. R4d3 {[%clk 0:18:32]} Rb5 {[%clk 0:22:31]} 34. Rf3
{[%clk 0:18:50]} Rbf5 {[%clk 0:22:51]} 35. Rxf5 {[%clk 0:19:13]} Rxf5
{[%clk 0:23:18]} 36. Rd6 {[%clk 0:19:31]} Ra5 {[%clk 0:23:42]} 37. Rb6
{[%clk 0:19:54]} Rd5 {[%clk 0:24:06]} 38. Ra6 {[%clk 0:20:18]} Rb5
{[%clk 0:24:33]} 39. Rc6 {[%clk 0:20:40]} Ra5 {[%clk 0:25:00]} 40. Rb6
{[%clk 0:51:02]} Rc5 1/2-1/2

[Event "imp"]
[Site "?"]
[Date "2015.04.01"]
[Round "9.10"]
[White "Przybylski, Wojciech"]
[Black "Weichhold, Pawel"]
[Result "1-0"]
[LiveChessVersion "1.4.4"]
[BlackElo "2404"]
[WhiteElo "2378"]

1. e4 {[%clk 1:30:57]} c5 {[%clk 1:30:54]} 2. Nf3 {[%clk 1:31:12]} Nc6
{[%clk 1:31:17]} 3. Bb5 {[%clk 1:31:08]} g6 {[%clk 1:30:23]} 4. O-O
{[%clk 1:30:23]} Bg7 {[%clk 1:30:46]} 5. c3 {[%clk 1:27:53]} Nf6 {[%clk 1:27:17]}
6. Qe2 {[%clk 1:25:37]} O-O {[%clk 1:23:39]} 7. Rd1 {[%clk 1:24:01]} Qc7
{[%clk 1:09:07]} 8. d4 {[%clk 1:17:21]} cxd4 {[%clk 1:06:33]} 9. cxd4
{[%clk 1:16:20]} d5 {[%clk 1:05:19]} 10. e5 {[%clk 1:15:40]} Ne4 {[%clk 1:04:05]}
11. Nbd2 {[%clk 1:02:49]} Rd8 {[%clk 0:47:47]} 12. Nb3 {[%clk 0:52:44]} f6
{[%clk 0:35:19]} 13. Be3 {[%clk 0:34:13]} Bd7 {[%clk 0:23:44]} 14. Rac1
{[%clk 0:31:04]} a6 {[%clk 0:23:30]} 15. Bd3 {[%clk 0:26:04]} Qb6
{[%clk 0:22:41]} 16. exf6 {[%clk 0:23:36]} Nxf6 {[%clk 0:21:42]} 17. Nc5
{[%clk 0:22:11]} Nb4 {[%clk 0:16:01]} 18. Bb1 {[%clk 0:19:40]} Rf8
{[%clk 0:12:45]} 19. Ne5 {[%clk 0:18:03]} Bc8 {[%clk 0:09:39]} 20. h3
{[%clk 0:11:14]} Nc6 {[%clk 0:07:11]} 21. f4 {[%clk 0:11:37]} Qd8
{[%clk 0:06:57]} 22. g4 {[%clk 0:07:09]} Ne8 {[%clk 0:05:06]} 23. Qg2
{[%clk 0:06:42]} e6 {[%clk 0:04:23]} 24. Nxb7 {[%clk 0:03:46]} Bxb7
{[%clk 0:04:34]} 25. Nxc6 {[%clk 0:04:14]} Bxc6 {[%clk 0:04:15]} 26. Rxc6
{[%clk 0:04:42]} Nd6 {[%clk 0:04:08]} 27. b3 {[%clk 0:03:59]} Qd7
{[%clk 0:03:20]} 28. Rc5 {[%clk 0:02:29]} Rf7 {[%clk 0:02:09]} 29. Bd3
{[%clk 0:02:44]} Rxf4 {[%clk 0:01:30]} 30. Rxd5 {[%clk 0:02:01]} Rff8
{[%clk 0:01:03]} 31. Rc5 {[%clk 0:01:34]} Kh8 {[%clk 0:00:36]} 32. Qc6
{[%clk 0:00:37]} Qe7 {[%clk 0:01:05]} 33. Qc7 {[%clk 0:00:38]} Qh4
{[%clk 0:01:00]} 34. Kg2 {[%clk 0:00:34]} Rad8 {[%clk 0:00:56]} 35. Rf1
{[%clk 0:00:36]} Rxf1 {[%clk 0:00:35]} 36. Bxf1 {[%clk 0:01:05]} Ne4
{[%clk 0:00:40]} 37. Rc2 {[%clk 0:00:34]} e5 {[%clk 0:00:48]} 38. Bf2
{[%clk 0:00:35]} Nxf2 {[%clk 0:00:55]} 39. Rxf2 {[%clk 0:00:59]} exd4
{[%clk 0:00:51]} 40. Rf7 {[%clk 0:30:38]} Bf6 {[%clk 0:30:33]} 41. Bxa6
{[%clk 0:19:33]} d3 {[%clk 0:21:36]} 42. Bxd3 {[%clk 0:17:12]} Kg8
{[%clk 0:17:32]} 43. Qc4 {[%clk 0:13:09]} Kh8 {[%clk 0:16:40]} 44. Qe6
{[%clk 0:11:31]} Ba1 {[%clk 0:12:35]} 45. Qe3 {[%clk 0:08:33]} Ra8
{[%clk 0:10:30]} 46. a4 {[%clk 0:07:19]} Kg8 {[%clk 0:05:51]} 47. Qe6
{[%clk 0:06:16]} Kh8 {[%clk 0:06:00]} 48. Qe3 {[%clk 0:04:35]} Kg8
{[%clk 0:06:25]} 49. Bc4 {[%clk 0:04:03]} Kh8 {[%clk 0:06:52]} 50. Qe7
{[%clk 0:03:30]} Qxe7 {[%clk 0:05:30]} 51. Rxe7 {[%clk 0:03:58]} h5
{[%clk 0:05:19]} 52. Kf3 {[%clk 0:03:19]} Bc3 {[%clk 0:05:10]} 53. Ke4
{[%clk 0:02:59]} Rd8 {[%clk 0:05:03]} 54. Bd5 {[%clk 0:03:15]} h4
{[%clk 0:04:49]} 55. Rb7 {[%clk 0:02:59]} g5 {[%clk 0:04:29]} 56. b4
{[%clk 0:02:51]} Rf8 {[%clk 0:04:57]} 57. Kd3 {[%clk 0:02:17]} Be5
{[%clk 0:04:48]} 58. a5 {[%clk 0:03:01]} Rf1 {[%clk 0:03:07]} 59. a6
{[%clk 0:02:48]} Rd1+ {[%clk 0:03:19]} 60. Ke4 {[%clk 0:02:25]} Re1+
{[%clk 0:02:48]} 61. Kf5 {[%clk 0:01:18]} Bd4 {[%clk 0:02:42]} 62. Ke4 1-0

[Event "imp"]
[Site "?"]
[Date "2015.04.01"]
[Round "9.11"]
[White "Skawinski, Arkadiusz"]
[Black "Krysztofiak, Marcin"]
[Result "1/2-1/2"]
[LiveChessVersion "1.4.4"]
[BlackElo "2410"]
[WhiteElo "2388"]

1. e4 {[%clk 1:30:57]} c6 {[%clk 1:30:55]} 2. d4 {[%clk 1:31:23]} d5
{[%clk 1:31:21]} 3. exd5 {[%clk 1:31:48]} cxd5 {[%clk 1:31:47]} 4. c4
{[%clk 1:31:12]} Nf6 {[%clk 1:32:11]} 5. Nc3 {[%clk 1:31:39]} Nc6
{[%clk 1:32:25]} 6. Nf3 {[%clk 1:31:23]} Bg4 {[%clk 1:32:27]} 7. cxd5
{[%clk 1:31:10]} Nxd5 {[%clk 1:32:52]} 8. Qb3 {[%clk 1:31:25]} Bxf3
{[%clk 1:33:06]} 9. gxf3 {[%clk 1:31:50]} e6 {[%clk 1:33:16]} 10. Qxb7
{[%clk 1:31:59]} Nxd4 {[%clk 1:33:32]} 11. Bb5+ {[%clk 1:32:24]} Nxb5
{[%clk 1:33:58]} 12. Qc6+ {[%clk 1:30:38]} Ke7 {[%clk 1:34:19]} 13. Qxb5
{[%clk 1:30:58]} Qd7 {[%clk 1:34:22]} 14. Nxd5+ {[%clk 1:31:02]} Qxd5
{[%clk 1:34:42]} 15. Qxd5 {[%clk 1:30:25]} exd5 {[%clk 1:35:08]} 16. Be3
{[%clk 1:29:48]} Ke6 {[%clk 1:34:17]} 17. O-O {[%clk 1:29:59]} Be7
{[%clk 1:23:55]} 18. Rfe1 {[%clk 1:25:43]} Kf5 {[%clk 1:24:08]} 19. Rac1
{[%clk 1:25:29]} Bf6 {[%clk 1:21:57]} 20. Rc5 {[%clk 1:22:06]} Rhd8
{[%clk 1:21:38]} 21. b3 {[%clk 1:20:10]} Rd7 {[%clk 1:17:54]} 22. Rd1
{[%clk 1:08:45]} Ke6 {[%clk 1:17:40]} 23. Re1 {[%clk 1:09:04]} Kf5
{[%clk 1:16:57]} 24. Rd1 {[%clk 1:09:31]} Ke6 {[%clk 1:17:23]} 25. Re1
{[%clk 1:09:59]} Kf5 {[%clk 1:17:48]} 26. Rd1 {[%clk 1:10:20]} 1/2-1/2